Harry Potter - Statistiques

Statistiques générales
  • Ce quiz a été pris 350 fois
  • Le résultat moyen est 11 sur 20
Statistiques - réponses
Hint Answers % Correct
1 Harry et Ginny
100%
2 Ron et Hermione
96%
3 James et Lily
83%
5 Arthur et Molly
76%
10 Harry et Cho
75%
9 Ron et Lavande
74%
7 Remus et Nymphadora
72%
4 Bill et Fleur
69%
6 Lucius et Narcissa
64%
14 Dean et Ginny
59%
20 Cedric et Cho
56%
13 Drago et Pansy
56%
18 Viktor et Hermione
49%
11 Hagrid et Olympe
44%
8 Vernon et Petunia
42%
12 Fred et Angelina
41%
15 Neville et Hannah
39%
19 Michael et Ginny
25%
17 Tom et Merope
6%
16 Rolf et Luna
4%
Aucun quiz correspondant
Distribution des résultats
% des personnes avec chaque résultat
Percentile par nombre de réponses
Votre historique - résultats
Vous n’avez pas pris ce quiz